000 00507nam a22001817a 4500
005 20240920154645.0
008 240919b |||||||| |||| 00| 0 eng d
020 _a978-93-6180-484-7
041 _aeng
082 _a362.178
100 _aKUMAR, DR. VERENDRA AND ADKARPATIL, DR. PRAFULLA P.
_98558
245 _aSOCIAL PHARMACY [D.PHARMA, 1ST SEMESTER]
250 _a2ND ED. 2024
260 _aLUCKNOW
_bTHAKUR PUBLICATION PVT.LTD
300 _a615.321
650 _aPHARMACY
_xD.PHARMA
942 _cBK
999 _c8687
_d8685